[Event "RUS-ch 54th"]
[Site "Elista"]
[Date "2001.05.09"]
[Round "9"]
[White "Balashov, Yuri S"]
[Black "Belozerov, Andrei"]
[Result "1-0"]
[WhiteElo "2581"]
[BlackElo "2494"]
[Annotator "Psakhis,L"]
[PlyCount "79"]
[EventDate "2001.04.29"]
[EventType "swiss"]
[EventRounds "9"]
[EventCountry "RUS"]
[SourceTitle "CBM 083"]
[Source "ChessBase"]
[SourceDate "2001.07.05"]
[SourceVersion "1"]
[SourceVersionDate "2001.07.05"]
[SourceQuality "1"]

1. e4 e6 2. d4 d5 3. e5 c5 4. c3 Nc6 5. Nf3 Qb6 6. a3 Bd7 7. b4 cxd4 8. cxd4
Rc8 9. Be3 Nh6 10. Bd3 Ng4 11. O-O Be7 12. Nbd2 Nxe3 13. fxe3 Nb8 {[%cal Gd7b5]
} (13... f5 14. exf6 Bxf6 15. Nb3 $5 (15. b5 Nxd4 16. exd4 Bxd4+ 17. Kh1 Bxa1
18. Qxa1 O-O 19. Qb1 h6 20. Re1 Qc5 21. a4 Be8 22. Ne5 Qc3 $15 {0-1 Sandipan,
C-Akopian,V/Calcutta Goodricke op 2000/The Week in Chess 276 (58)}) 15... O-O
16. Nc5 Qc7 17. Rc1 b6 18. Nxd7 Qxd7 19. Bb5 $36 {1-0 Sikorova,O-Bashkite,V/
EUR-chW Warsaw 2001/The Week in Chess 338 (31)}) (13... O-O $5 14. Nb3 a5 15.
Nc5 Be8 16. Na4 Qd8 17. b5 Nb8 18. Ra2 Nd7 19. Raf2 Nb6 $11 {Miljanic,B-Antic,
D/Jugoslavija 1997/ (21)}) 14. Qb1 $146 {This move doesn't look too dangerous
for black} ({Worth considering} 14. a4 $5 {preventing bishop exchange.} Nc6 15.
b5 Nb4 16. Bb1 O-O 17. h4 Rc3 18. Ng5 h6 19. Nh7 Rxe3 20. Qg4 Nd3 21. Nxf8 Bxf8
22. Bxd3 Rxd3 23. Nf3 $14 {Motylev,A-Belozerov,A/RUS-ch J20 Ekaterinburg 1996/
1-0 (69)}) (14. Nb3 Ba4 15. Qb1 Bxb3 16. Qxb3 O-O 17. Qb1 g6 18. h4 a5 19. h5
Kg7 20. b5 a4 $132 {1-0 Shovunov,B-Poddubnyi,V/RUS-ch Elista 2001/ (58)}) 14...
Ba4 ({Why not} 14... Bb5 $142 15. e4 Nc6 $13 {with equal chances?}) 15. e4 Nc6
16. Qb2 a5 $6 {This move may look active, but it weakens Black's position
considerably, while not bringing any definite benefits.} (16... Bb5 $142 17.
Bxb5 Qxb5 18. Qb3 O-O $11) 17. exd5 exd5 18. b5 Nd8 $2 {It is not easy to
explain this move.Black should play} (18... Na7 $142 {attacking white pawn,
with rasonable chances, for example} 19. Rac1 O-O 20. Nb1 $140 Nxb5 21. Nc3
Bxa3) 19. Rac1 Rxc1 20. Rxc1 O-O 21. Nb1 $1 {[%csl Ra4][%cal Gb1c3] This move
is point of white's strategy.It is difficult already give good advice to Black.
} Ne6 22. Kh1 $16 (22. Nc3 $2 Nxd4 23. Nxd5 (23. Nxa4 Nxf3+ 24. Kh1 Qe3 $19)
23... Nxf3+ 24. Kh1 Qd8 25. Nxe7+ Qxe7 26. gxf3 Rd8 $15) 22... Ng5 23. Nc3 Nxf3
(23... Qh6 $5 24. Ng1 $1 $18 (24. Nxa4 Nxf3 25. gxf3 Qe3 $13)) 24. Nxd5 Qd8 25.
Nxe7+ Qxe7 26. gxf3 {[%csl Ra4]} Qg5 27. Qc3 Qf4 28. Rf1 g6 29. Qc4 $18 {
White has both positional and material advantage, so the rest is pretty clear.}
Qe3 30. d5 Rd8 (30... Bd1 $142 $1 31. Qe4 Qxe4 32. fxe4 Bg4 33. Rc1 Re8 34. Kg2
Rxe5 35. h3 $18) 31. d6 Qxe5 (31... Re8 32. f4) 32. Qxa4 Rxd6 33. Qe4 Qc3 34.
Bc4 {Rest is simple} Kg7 35. Bd5 b6 36. a4 Rf6 37. Rd1 Kg8 38. Qd4 Qc2 39. Re1
Qf5 40. Qe5 1-0

[Event "Corus-C"]
[Site "Wijk aan Zee"]
[Date "2006.01.22"]
[Round "8"]
[White "Li, Shilong"]
[Black "Visser, Yge"]
[Result "1-0"]
[WhiteElo "2543"]
[BlackElo "2485"]
[Annotator "Psakhis,L"]
[PlyCount "83"]
[EventDate "2006.01.14"]
[EventType "tourn"]
[EventRounds "13"]
[EventCountry "NED"]
[EventCategory "9"]
[SourceTitle "CBM 111"]
[Source "ChessBase"]
[SourceDate "2006.04.04"]
[SourceVersion "1"]
[SourceVersionDate "2006.04.04"]
[SourceQuality "1"]

1. e4 e6 2. d4 d5 3. e5 c5 4. c3 Nc6 5. Nf3 Bd7 6. Be2 Nge7 7. Na3 cxd4 8. cxd4
Nf5 9. Nc2 Qb6 10. O-O Na5 11. g4 (11. Ne3 Nxe3 12. fxe3 Be7 13. Ne1 (13. Bd2
O-O 14. b3 Bb5 $11) 13... O-O 14. Nd3 Rac8 (14... Bb5 $5 15. b3 Rac8 16. Bd2
$13) 15. b4 $5 Nc4 16. Nc5 Bxc5 $2 (16... Bc6 $13) 17. bxc5 Qa5 18. e4 $1 b6
19. Bxc4 dxc4 20. Bg5 $1 bxc5 $15 {1-0 Gonzalez,Y (2487)-Foisor,O (2399)/
Balaguer 91/232 2004/ (30)}) (11. b3 Bb5 12. Bxb5+ Qxb5 13. Ne3 Nxe3 14. Bxe3
Nc6 (14... h6 15. Ne1 Nc6 16. Nd3 a5 17. Nf4 Ba3 18. Nh5 Rg8 19. Qf3 Qb4 20.
Rfd1 Qe7 21. Bc1 Bxc1 22. Raxc1 O-O-O 23. Rc5 Kb8 {1/2-1/2 Wang Hao (2519)
-Reefat,S (2484)/Asian-ch Hyderabad 2005/ (46)}) 15. Ng5 Be7 16. Nh3 O-O-O 17.
Qg4 Rdg8 18. Nf4 Kb8 19. Rfd1 Ba3 20. Bc1 Qa6 21. Nd3 h5 22. Qf4 g5 23. Qxf7
Nxd4 24. Bxa3 Qxa3 25. b4 $36 {0-1 Wang Hao (2457)-Potkin,V (2546)/Moscow
Aeroflot op A2 2005/ (41)}) 11... Ne7 12. Nfe1 h5 (12... Bb5 $5 13. Nd3 (13.
Bxb5+ Qxb5 14. f4 Qb6 15. Ne3 Nec6 16. Nf3 h5 17. b3 O-O-O 18. g5 g6 19. Bb2
Kb8 20. Bc3 Bb4 21. Bxb4 Qxb4 22. Qd3 Rc8 $13 {0-1 Liepold,S (2270)-Kindermann,
S (2525)/Furth Pyramiden Cup 1999 (42)}) 13... h5 14. b4 (14. gxh5 Nf5 15. Be3
Nc6 $5 (15... Nc4 16. a4 Ncxe3 17. fxe3 Bc4 18. Nf4 Bb3 19. Bb5+ Kd8 20. Qe2
Bxc2 21. a5 Qc7 22. Rfc1 Rc8 23. a6 b6 24. Ba4 $14 {Sveshnikov,E-Dolmatov,S/
Nabereznye Chelny 1988}) (15... Rc8 16. b4 (16. b3 Nc6 17. Rc1 a5 18. Qd2 Be7
19. Bg4 Qa6 20. Be2 a4 21. Kh1 axb3 22. axb3 Qa5 $15 {1/2-1/2 Bergstrom,R 
(2308)-Kiriakov,P (2525)/Port Erin op 2000/(44)}) 16... Nc6 17. a4 Bc4 18. Rb1
Qd8 19. Nf4 Bxe2 20. Qxe2 Qh4 21. h3 Be7 22. Qg4 Nxe5 23. dxe5 Rxc2 $15 {
Sveshnikov,E-Kiriakov,P/Elista 1994}) (15... Qd8 16. Bf4 Rc8 17. Rc1 Rxc2 $5
18. Qxc2 Nxd4 19. Qd1 Nxe2+ 20. Qxe2 Qh4 21. Bg3 Qe4 22. Qc2 Nc6 $13 {Horvat,
S-Pecnik,L/Pula 1999}) 16. a4 (16. Nc5 Bxe2 17. Qxe2 Nxe3 18. fxe3 Bxc5 19.
dxc5 Qxc5 $17) 16... Bc4 17. b4 Qd8 $5 $146 18. Bg4 (18. a5 $5) 18... Nxe3 (
18... Qh4 $5 19. h3 Nxe3 20. fxe3 Qg3+ 21. Kh1 Rxh5 22. Bxh5 Qxh3+ 23. Kg1 Qg3+
$11) 19. fxe3 (19. Nxe3 Nxd4 $17) 19... Qg5 20. h3 (20. Rf4 Rxh5 $17) 20...
Rxh5 21. Qf3 O-O-O $5 $15 {0-1 Shabalov,A (2593)-Shirov,A (2705)/Edmonton 2005
(30)}) 14... Nac6 15. a4 Bc4 16. a5 Qc7 17. gxh5 Nf5 (17... Bb3 18. Be3 Nxd4
19. Nxd4 Bxd1 20. Nb5 Qc2 21. Nd6+ Kd7 22. Rfxd1 Qxe2 23. Nxf7 Nf5 {0-1
Hendriks,W (2415)-Barsov,A (2530)/Genova op 2005/}) 18. Be3 Bb3 (18... Rc8 19.
Rc1 Qd8 20. Nf4 Bxe2 21. Qxe2 Qh4 22. a6 b6 23. Ne1 $16 {Stevic,H-Bukal,V/Pula
1996}) (18... Qd8 $5 19. Nf4 Bxe2 20. Qxe2 a6 21. Rfb1 Na7 {Shirov,Finkel: '1/
2-1/2 Stevic,H-Dizdar,G/Porec 1998'} 22. Na3 Nc6 23. Nc2 Na7 24. Na3 Nc6 25.
Nc2 Na7 {1/2-1/2 Stevic,H-Dizdar,G/Porec 1998}) 19. Qb1 Bxc2 20. Qxc2 Qd8 21.
Nc5 Bxc5 22. Qxc5 Rc8 23. Qb5 O-O 24. Rad1 Qe7 25. Kh1 Qh4 $17 {Van der Werf,
M-Hansen,L/Wijk aan Zee 1993}) 13. gxh5 Nf5 ({I don't see real reasons for
Black to avoid the natural move} 13... Bb5 {at least in the game 1/2-1/2
Shirov,A (2713)-Del Rio Angelis,S (2502)/Gibraltar Masters 2005 White didn't
get advantage after} 14. Bxb5+ Qxb5 15. Ne3 Nac6 16. b3 g6 17. Ng4 O-O-O 18. h6
Nf5 19. Bg5 Rd7 20. Nf6 Rc7 21. Ne8 Rd7 22. Nf6 Rc7) 14. Bd2 $146 (14. b3 Bb5
15. Be3 Bxe2 16. Qxe2 Nc6 17. Rd1 Qd8 18. Ng2 Be7 19. Qg4 Qa5 20. Rd2 O-O-O 21.
a3 Kb8 22. b4 Qa4 23. Rb1 a6 24. Nf4 Ka8 25. Nd3 Rdg8 26. Qe2 g6 27. Nb2 gxh5+
28. Kh1 Qb5 {Yawgmoth (2457)-StarkL (2742)/Dos Hermanas Internet qualifier S18
2005/0-1 (59)}) 14... Nc4 15. Bc3 $5 (15. b3 Nxd2 16. Qxd2 Rc8 $15) 15... Nxb2
16. Bxb2 Qxb2 17. Rb1 Qxa2 18. Rxb7 Rc8 (18... a5 19. Bd3) 19. Bd3 Bc6 20. Rb1
Rxh5 (20... Ba4 $142 $5 21. Ra1 Qb3 22. Qe2 $1 $132 {[%cal Ra1a4]}) 21. Qxh5 (
21. Ra1 Rg5+ 22. Kh1 Qb2 23. f4 $5 Rg6 24. Rxa7 $13) 21... Qxb1 22. Bxf5 exf5
23. e6 $1 {The beggining of the attack. It is funny, that White hasn't too
many active pieces - just his queen and the supporting pawn e6 - but Black has
to work very hard to refute this attack.} Qb7 $2 ({I believe that} 23... g6 $5
{was the better move. The game could continue:} 24. exf7+ (24. Qh7 Qb7) 24...
Kxf7 25. Qh7+ Bg7 26. Nf3 $5 Qxc2 $8 27. Ne5+ Kf8 28. Nxg6+ Kf7 29. Ne5+ (29.
Ra1 $5) 29... Kf8 {and it looks that the best White can do now is to finish
game with perpetual check} 30. Ng6+ $11) 24. Nf3 $1 {[%cal Rf1e1]} g6 $8 25.
exf7+ Qxf7 (25... Kxf7 26. Ne5+ Kg8 27. Nxg6 Qg7 28. Kh1 $1 $40) 26. Re1+ Kd8 (
26... Be7 27. Qh6 Qf6 28. Ne5 Kd8 29. Qd2 $1 $40 {[%cal Rd2a5]}) 27. Qg5+ Be7 (
27... Kc7 28. Ne5) 28. Ne5 $5 (28. Qd2 $5 {[%cal Gc2b4]}) 28... Qf6 29. Qd2 {
White has strengthened himself on the dark squares.} Rc7 (29... Ba8 $5 30. Qa5+
Qb6 31. Qa4 (31. Nf7+ $5) 31... Bc6 {with some chances for defense.}) 30. Qa5
f4 31. Nb4 Bxb4 32. Qxb4 {[%csl Rc6,Rd8,Ge5]} Kc8 (32... Bb7 33. Ng4 $5) 33.
Ng4 ({A quite attractive alternative for White is} 33. Rc1 $5 $36) 33... Qf5
34. f3 Qd3 $2 (34... a6 $5 $14 {[%cal Gc6b5]}) 35. Ne5 Qf5 (35... Qb5 36. Nxc6
Qxc6 37. Qf8+ Kb7 38. Rb1+ $18) 36. Qd6 (36. Nxc6 $142 $1 Qg5+ 37. Kf1 Rxc6 38.
Qf8+ $18) 36... Bb5 (36... Qg5+ $8 37. Kh1 Qe7 38. Qxg6 $16) 37. Qxd5 $18 {
[%cal Od5a8,Rd5b5]} Bc6 38. Qg8+ Kb7 39. Qb3+ Kc8 40. d5 $1 Qg5+ (40... Bd7 41.
d6 $18) 41. Kh1 Qh4 42. Rd1 1-0

[Event "Olympiad-34"]
[Site "Istanbul"]
[Date "2000.11.05"]
[Round "8.1"]
[White "Movsesian, Sergei"]
[Black "Nikolic, Predrag"]
[Result "0-1"]
[WhiteElo "2666"]
[BlackElo "2657"]
[Annotator "Psakhis,L"]
[PlyCount "78"]
[EventDate "2000.10.28"]
[EventType "team-swiss"]
[EventRounds "14"]
[EventCountry "TUR"]
[SourceTitle "EXT 2001"]
[Source "ChessBase"]
[SourceDate "2000.11.22"]
[SourceVersion "1"]
[SourceVersionDate "2000.11.22"]
[SourceQuality "1"]
[WhiteTeam "Czech Republic"]
[BlackTeam "Bosnia&Herzegovina"]
[WhiteTeamCountry "CZE"]
[BlackTeamCountry "BIH"]

1. e4 e6 2. d4 d5 3. e5 c5 4. c3 Nc6 5. Nf3 Bd7 {It is interesting to see duel
of two big experts in advanced variation} 6. Be2 Nge7 7. Na3 Ng6 ({It is not
easy for White to get advantage and after} 7... cxd4 $5 8. cxd4 Nf5 9. Nc2 Nb4
{with possible continuation} 10. Nxb4 Bxb4+ 11. Kf1 Be7 12. Bd3 Qb6 13. g4 Nh4
14. Nxh4 Bxh4 15. Be3 Bb5 16. g5 h6 $11 {but Nikolic is ready for more
complicated game.}) 8. h4 cxd4 9. cxd4 Bb4+ 10. Kf1 h6 $5 (10... O-O 11. h5 Nh8
12. h6 g6 13. Nc2 Be7 14. Ne3 f5 15. exf6 Bxf6 16. Ng4 Be7 17. g3 Qb6 18. Bf4
Nf7 19. Kg2 Nd6 20. Nge5 $36 {Levin,F-Nenashev,A/Riga 1988/1/2-1/2 (85)}) (
10... Be7 11. g3 a6 12. h5 Nf8 13. h6 g6 14. Nc2 Na5 15. Nce1 Bb5 16. Nd3 Bxd3
17. Qxd3 Nd7 18. Kg2 Rc8 19. Bf4 O-O 20. b3 Nc6 21. a3 Na7 22. Qe3 Qb6 $13 {
Grabarczyk,B-Gradalski,P/POL t-ch Lubniewice 1998/1-0 (57)}) 11. Nc2 Be7 12. h5
Nf8 {[%cal Gf8h7,Gh7g5]} 13. Rh3 $146 ({Sveshnikov tried to open second front
with} 13. b4 {but after} Nh7 14. Bd2 O-O 15. Bd3 Rc8 16. Qe1 a6 17. a4 f5 18.
g3 Na7 19. Qd1 Qe8 20. Nce1 Ng5 21. Nxg5 hxg5 22. Qb3 b5 $1 23. axb5 Bxb5 $13 {
0-1 Sveshnikov-Gulko/Tashkent 1L 1984 (31) Black got great position}) 13... Nh7
14. Bd3 O-O 15. Rg3 {White's initiative just look very dangerous and Black
have all chances for successful defence.} Kh8 16. Bf4 f5 $1 {[%cal Gd7e8,Gh7g5]
} 17. exf6 (17. Rg6 Be8 18. Rxe6 Bxh5 {[%csl Re6]}) 17... Nxf6 {[%csl Rh5]} 18.
Ne5 ({It will be interesting to check} 18. Nh4 {but I belive that Black doing
well after} Be8 $1 19. Ng6+ Bxg6 20. Rxg6 (20. hxg6 Nh5 $1 21. Qxh5 Rxf4 $17 {
[%csl Rd4][%cal Gd8f8]}) 20... Bd6 21. Bxh6 $5 (21. Bxd6 Qxd6 $17 {[%cal Ge6e5,
Gc6e7]}) 21... gxh6 22. Qd2 (22. Rxh6+ Kg7 23. Qd2 Kf7) 22... Rf7 23. Rxh6+ Nh7
$15) 18... Nxe5 19. Bxe5 (19. dxe5 Ne4 $5 (19... Nxh5 20. Qxh5 Rxf4 21. Rxg7 $1
$18) 20. Rg4 Be8 $1) 19... Be8 20. Rh3 (20. Bg6 $5 Bd6 $13) 20... Bd6 $1 {
Nikolic successfully neutralized Black's slight initiative.} 21. Ne1 $2 (21.
Qe2 $142 $5 {with more or less balanced game}) 21... Bxe5 22. dxe5 Ne4 $6 ({
Strange! Why not} 22... Nxh5 $1 {and} 23. Rxh5 $140 $2 {lose immediately} (23.
Qg4 Nf4 24. Rg3 Qc7) {after} 23... Qb6 $19) 23. Nf3 Rf5 {[%csl Rh5]} ({Worth
attention} 23... Ng5 $5 24. Nxg5 Qxg5 $17) 24. Qe2 Rxh5 25. Rxh5 Bxh5 26. Bxe4
dxe4 27. Qxe4 Qb6 {[%csl Rf1,Gh5][%cal Gb6b2,Ga8f8]} 28. g4 (28. b3 Rf8) 28...
Be8 $1 {[%cal Ge8c6] Black bishop is much stronger than white's knight and
Movsesian can hope just for some tricks on the king's side} 29. Qf4 (29. Qd4
Qa6+ 30. Kg1 Qe2) 29... Qxb2 30. Re1 Kg8 (30... Bb5+ 31. Kg1 Qxa2 32. g5) 31.
g5 h5 32. Nh4 Qxa2 $19 33. Kg1 (33. g6 Qd5) 33... Qa4 34. Re4 Qd1+ 35. Kh2 Bc6
36. Ng6 (36. Rc4 Rf8) 36... Re8 $1 37. Rd4 Qc2 (37... Qh1+ 38. Kg3 Qg2+ 39. Kh4
Kh7 $1 {wins as easy as a text}) 38. Nh8 (38. Nh4 Rf8 $19) 38... Kxh8 39. Qf7
Qf5 0-1

[Event "Olympiad-34"]
[Site "Istanbul"]
[Date "2000.11.10"]
[Round "13.1"]
[White "Shabalov, Alexander"]
[Black "Nogueiras Santiago, Jesus"]
[Result "1-0"]
[WhiteElo "2601"]
[BlackElo "2552"]
[Annotator "Psakhis,L"]
[PlyCount "67"]
[EventDate "2000.10.28"]
[EventType "team-swiss"]
[EventRounds "14"]
[EventCountry "TUR"]
[SourceTitle "EXT 2001"]
[Source "ChessBase"]
[SourceDate "2000.11.22"]
[SourceVersion "1"]
[SourceVersionDate "2000.11.22"]
[SourceQuality "1"]
[WhiteTeam "US of America"]
[BlackTeam "Cuba"]
[WhiteTeamCountry "USA"]
[BlackTeamCountry "CUB"]

1. e4 e6 2. d4 d5 3. e5 c5 4. c3 Nc6 5. Nf3 Bd7 6. Be2 Rc8 7. O-O Nh6 (7... a6
$142 $5 8. a3 cxd4 9. cxd4 Nge7 10. Nc3 Nf5 11. g4 Nh4 12. Nxh4 Qxh4 13. Be3 g5
$5 14. Na4 h5 $132 {1/2-1/2 Xie Jun-Karpov,A/Guanzhou m 2000/CBM 77 (39)}) 8.
Na3 $146 (8. Bxh6 $5 gxh6 9. Qd2 cxd4 (9... Bg7 $5) 10. cxd4 Ne7 11. Nc3 a6 12.
Bd3 Ng6 13. Ne2 $36 {Topalov,V-Schmalfuss,K/Frankfurt simul 1997/1-0 (38)})
8... cxd4 9. cxd4 Bxa3 (9... Nf5 $5 10. Nc2 Nb4 11. Nxb4 Bxb4 12. a3 Be7 13. g4
Nh4 14. Nxh4 Bxh4 15. f4 $14 {0-1 Deegens,V-Andrews,T/Korinthos op 1998 (41)})
10. Bxh6 $1 gxh6 (10... Bf8 $5 11. Be3 Be7 $13) 11. bxa3 O-O 12. Qd2 $14 {
Here Black's pawn formation is seriously compromised on the kingside} Kg7 13.
Rac1 (13. Qf4 f5 $5) 13... Ne7 (13... f6 14. exf6+ Qxf6 15. Bb5 $1 $36) 14. h4
Rxc1 15. Rxc1 Qb6 16. Bd3 Rc8 17. Rxc8 Bxc8 18. Qf4 $16 Ng8 19. g4 Qd8 $6 {
The text move is artificial and throws Black into serious trouble. However, he
has serious problems anyway.} (19... Qb2 {was much stronger, but white's
advantage is obvious after, for example} 20. g5 h5 21. Bxh7 Qxa2 $1 (21... Kxh7
$2 22. Qxf7+ Kh8 23. g6 Qc1+ 24. Kg2 Qh6 25. Ng5 $18) 22. Bxg8 Kxg8 23. Qf6 {
[%csl Rg8]}) 20. g5 Qe7 (20... Qf8 21. gxh6+ Nxh6 22. Ng5 $18) (20... hxg5 21.
Nxg5 $18) 21. Qg4 $6 (21. Qf6+ $1 Kf8 (21... Nxf6 22. gxf6+ Qxf6 23. exf6+ Kxf6
24. Bxh7 $18) 22. Qh8 (22. Qxe7+ $5 Nxe7 23. gxh6) 22... Qxa3 23. Bxh7 Qxf3 24.
Qxg8+ Ke7 25. gxh6 $18) 21... Kh8 22. gxh6 Nxh6 23. Qf4 {[%csl Rc8,Rh6]
Formally Black has material parity, but his pieces are useless and cannot safe
their king.} Kg7 (23... Ng8 24. Ng5 f5 25. exf6 Nxf6 26. Qb8 $16) 24. Qc1 (24.
Ng5 $5 Nf5 25. Qg4 {[%csl Rg7]}) 24... Bd7 25. Ng5 Nf5 $8 26. Bxf5 exf5 27. Qc7
h6 28. e6 hxg5 $2 {Final mistake .Surely Black should have considered} (28...
fxe6 $8 29. Nf3 Kf6) 29. exd7 Qe1+ 30. Kg2 Qe4+ 31. Kh2 $1 Qxd4 (31... Qxh4+
32. Kg1 f4 33. Qe5+ Kg6 34. d8=Q Qg4+ 35. Kf1 Qd1+ 36. Qe1 $18) 32. Qg3 $18 f4
33. Qxg5+ Kh7 34. d8=Q (34. d8=Q Qxf2+ 35. Qg2) 1-0

[Event "Corus-C"]
[Site "Wijk aan Zee"]
[Date "2006.01.21"]
[Round "7"]
[White "Afek, Yochanan"]
[Black "Bischoff, Klaus"]
[Result "1-0"]
[WhiteElo "2370"]
[BlackElo "2560"]
[Annotator "Psakhis,L"]
[PlyCount "83"]
[EventDate "2006.01.14"]
[EventType "tourn"]
[EventRounds "13"]
[EventCountry "NED"]
[EventCategory "9"]
[SourceTitle "CBM 111"]
[Source "ChessBase"]
[SourceDate "2006.04.04"]
[SourceVersion "1"]
[SourceVersionDate "2006.04.04"]
[SourceQuality "1"]

1. e4 e6 2. d4 d5 3. e5 c5 4. c3 Nc6 5. Nf3 Bd7 6. Be2 Nge7 7. Na3 cxd4 8. cxd4
Nc8 {A rare, but not so bad move.} (8... Ng6 9. h4 Be7 10. g3 O-O 11. h5 Nh8
12. h6 (12. Nc2 f6 13. Bf4 Nf7 {1/2-1/2 Kobalia,M (2618)-Gleizerov,E (2539)/
Abu Dhabi op 2004}) 12... g6 13. Be3 f6 14. exf6 Bxf6 15. Nb1 Nf7 16. Nc3 Ng5
17. Bxg5 Bxg5 18. Nxg5 Qxg5 19. Bb5 e5 20. O-O Bh3 21. dxe5 Bxf1 {0-1 Zaitsev,
A (2355)-Gleizerov,E (2575)/Kaluga Tsiolkovsky mem op 2003/EXT 2005 (35)}) (
8... f6 9. O-O fxe5 10. Nxe5 Nxe5 11. dxe5 Nc6 12. Nb5 a6 13. Bd3 g6 14. Qg4
Nxe5 15. Qg3 axb5 16. Qxe5 Rg8 17. Bxb5 Qb6 18. Bd3 Bg7 19. Qg3 e5 20. Be3 Qe6
21. Rac1 Rxa2 22. Qh4 e4 {0-1 Carlsen,M (2552)-Agdestein,S (2595)/NOR-ch Molde
2004 (38)}) (8... Rc8 9. Nc2 f6 (9... Ng6 10. h4 Nb4 11. Nxb4 Bxb4+ 12. Kf1 Be7
13. g3 f5 14. h5 Nf8 15. Kg2 Rg8 16. Be3 Qb6 17. Qd3 a6 18. a4 h6 19. b4 Kf7
20. b5 axb5 21. axb5 Nh7 22. Qd2 Rc7 {1/2-1/2 Cherniaev,A (2504)-Lobron,E 
(2506)/Wijk aan Zee op 2003/ (32)}) 10. O-O Ng6 11. Bd3 fxe5 12. Bxg6+ hxg6 13.
dxe5 Be7 14. Qd3 O-O 15. Ncd4 g5 16. h3 Nxd4 17. Nxd4 Qe8 18. Qg3 Qh5 19. Be3
Rc4 20. Rac1 Rfc8 21. b3 Rxc1 22. Bxc1 Bd8 23. Bd2 Bb6 {1/2-1/2 Movsesian,S 
(2654)-Sakaev,K (2647)/EUR-ch Rapid Panormo 2002/ (34)}) ({The main move
according to theory is} 8... Nf5 $140 $5 {and after} 9. Nc2 {Black has a huge
choice.} Qb6 (9... Nb4 $5)) 9. Nc2 Be7 10. a3 $146 (10. O-O $5 a5 (10... Nb6
11. Bd3 h6 12. Nfe1 Qc7 13. f4 g6 14. Bd2 Nc4 15. Bc3 b5 16. b3 Na3 17. Nxa3
Bxa3 18. Nc2 Be7 19. Bb2 Qb6 20. Qe2 a6 21. Rac1 h5 22. g3 Kf8 23. Ne1 Kg7 24.
Nf3 Rac8 {Perpinya,L-Codina,J/Catalynia t-ch 1995/ChessBase/0-1 (38)}) 11. a4
N8a7 12. Bd3 h6 13. Nfe1 Qb6 14. Qg4 g6 15. h4 O-O-O 16. g3 Kb8 17. Qe2 Rc8 18.
Nf3 Qb3 19. Be3 Nb4 20. Nxb4 Bxb4 21. Rfb1 Be7 22. Nd2 Qb6 23. Qd1 Nc6 24. Bb5
Qd8 25. Nb3 {Rozentalis,E (2570)-Bischoff,K (2556)/BL 0001 2000/ 1/2-1/2 (32)})
(10. h4 Nb6 11. b3 Qc7 12. Ba3 Rc8 13. Bxe7 Kxe7 14. Bd3 Nb4 15. Nxb4 Qc3+ 16.
Ke2 Qxb4 17. Qd2 Qxd2+ 18. Kxd2 h6 19. h5 Rc7 20. Rac1 Rxc1 21. Rxc1 Rc8 22.
Rf1 Na8 23. Nh4 Nc7 24. Rc1 Ne8 {Goloshchapov,A (2545)-Schlosser,P (2470)/AUT
t-ch2 0102 2002/PG/1/2-1/2 (51)}) 10... a5 $1 {[%cal Ga5a4]} 11. b3 a4 12. b4
N6a7 {[%csl Rc4][%cal Gd7b5]} 13. h4 h6 (13... Bb5) 14. h5 Nb6 15. Rh3 Nb5 (
15... Bb5 $5 $13) 16. Ng1 {[%cal Gg1e2]} Rc8 17. Bd3 Nc3 18. Qg4 Bf8 19. Ne2
Ne4 20. f3 Ng5 (20... Nc3 $5) 21. Rg3 Nc4 22. Ra2 $1 (22. Bxg5 Qxg5 23. Qxg5
$140 hxg5 24. Rxg5 $2 Nb2 $1 25. Kd2 Nxd3 26. Kxd3 Bb5+ $19) 22... Qb6 23. Bxg5
hxg5 24. Qxg5 Bb5 ({Black was not expecting easy life after:} 24... Nxa3 $6 25.
Rxa3 (25. Nxa3 Qxb4+ 26. Kf2 Qb3 27. Bb1 Bxa3 28. Qxg7 Rxh5 29. Bg6 fxg6 30.
Rxa3 Qxa3 31. Qxg6+ Kd8 32. Qxh5 Rc2 $132) 25... Bxb4+ 26. Kf2 Bxa3 27. Qxg7
Rf8 28. Nxa3 Qb3 29. h6 $1 Qxa3 30. h7 $18) 25. f4 Be7 (25... Qa6 26. Nc3 $5)
26. Qxg7 Rxh5 27. f5 $5 ({Trying to avoid the complications arising after} 27.
Qg8+ Kd7 $1 (27... Bf8 28. f5 Rh1+ 29. Kf2 Nd2 $5 30. Rg7 $5 Rc7 31. Ne3 $1 $16
) 28. Qxf7 Rh1+ 29. Kf2 Rf8 30. Qg7 Nd2 31. Nc3 Bxd3 32. Rxd3 Ne4+ $132 {
White's king is weak and Black has great practical chances.}) 27... Rh1+ 28.
Kf2 Nd2 29. Qg8+ Kd7 (29... Bf8 30. Ne3 $5 (30. Rg7 Rc7 31. Ne3 {is also
possible.}) 30... Bxd3 31. Rxd2 Bxe2 32. fxe6 $1 Qxe6 33. Rxe2 $16) 30. Qxf7
Rf1+ $2 {Bischoff has to choose between several possibilities and the one he
picks is not the best!} ({Instead of the text move he could have played} 30...
Bxd3 $1 31. fxe6+ (31. Qxe6+ $2 Qxe6 32. fxe6+ Kc7 33. Rxd3 Ne4+ 34. Ke3 (34.
Kf3 $2 Rf1+ 35. Ke3 Bg5+ $19) 34... Bg5+ 35. Nf4 Rf1 $19) 31... Kc7 $3 32.
Qxe7+ Kb8 {and after the almost forcing line} 33. Rxd3 Rf1+ 34. Kg3 $8 (34. Ke3
$4 Nc4# $1) 34... Qb5 35. Rxd2 Rg8+ 36. Kh2 Rh8+ 37. Kg3 Rg8+ $11 {Black gives
perpechual check.}) 31. Ke3 Rxf5 (31... Bxd3 32. Qxe6+ Qxe6 33. fxe6+ Kxe6 34.
Kxd2 Be4 35. Ne3 Rf2 36. Ra1 $16) 32. Bxf5 Nc4+ $2 (32... Nf1+ $1 33. Kf2 $1 (
33. Kf4 Rf8 $1) 33... Nxg3 (33... Rf8 34. Qxf8 Bxf8 35. Rg6 $1 $18) 34. Nxg3
Rf8 {and possibly White's chances are better, but Black's initiative couldn't
be underestimated.}) 33. Kf2 Rf8 34. Qh7 $2 {With this move White could lose
the fruit of the efforts he has made. The right continuation was} (34. Qxf8
$142 $1 Bxf8 35. Rg6 $1 $18) 34... Rxf5+ 35. Rf3 Rxf3+ 36. gxf3 Nxe5 37. Nf4
Bc4 38. Ra1 Bb3 (38... Nc6 39. Ng6 $1) 39. Ne2 Nc4 (39... Bc4 $5) 40. Ne1 Qc7
$2 ({Black doesn't take a chance to put up resistance after} 40... Qd6 $142 $1
41. Nd3 Bc2 42. Nc5+ Kc7 $5 43. Qxc2 $140 $2 Qh2+ $19) 41. Rc1 b6 42. Nd3 1-0